Normal view MARC view
  • Cabañas Sánchez, María Guadalupe

Entry Nombre Personal

Number of records used in: 1

001 - NUMERO DE CONTROL

  • campo de control: 59369

003 - IDENTIFICADOR DE NUMERO DE CONTROL

  • campo de control: MX-MxUPN

005 - FECHA Y HORA DE LA ÜLTIMA TRANSACCIÓN

  • campo de control: 20260424153346.0

008 - DATOS DE LONGITUD FIJA

  • campo de control de longitud fija: 260424ng acnnnaabn a aaa d

040 ## - FUENTE DE CATALOGACIÓN

  • Agencia original de catalogación: MX-MxUPN
  • Lenguaje de catalogación: spa

100 1# - ENCABEZAMIENTO - NOMBRE PERSONAL

  • Nombre personal: Cabañas Sánchez, María Guadalupe

400 1# - VEÁSE - NOMBRE DE PERSONA

  • Personal name: Sánchez, María Guadalupe Cabañas

670 ## - FUENTE EN LA QUE SE LOCALIZARON DATOS

  • Cita de la fuente: Matemáticas 1, 2012 :
  • Información localizada: portada (María Guadalupe Cabañas Sánchez)

902 ## - CATALOGADOR

  • Catalogador: VíctorGodínez/240426